Anne of green gables / (Record no. 4554)

MARC details
000 -LEADER
fixed length control field 00975nam a22002897a 4500
001 - CONTROL NUMBER
control field 4554
003 - CONTROL NUMBER IDENTIFIER
control field FISKH
005 - DATE AND TIME OF LATEST TRANSACTION
control field 20240916143544.0
008 - FIXED-LENGTH DATA ELEMENTS--GENERAL INFORMATION
fixed length control field 240916b cb ||||| |||| 00| 0 eng d
020 ## - INTERNATIONAL STANDARD BOOK NUMBER
International Standard Book Number 0553153277
040 ## - CATALOGING SOURCE
Original cataloging agency FISKH
Language of cataloging eng
Transcribing agency FISKH
Modifying agency FISKH
050 ## - LIBRARY OF CONGRESS CALL NUMBER
Classification number PZ7.M768
082 ## - DEWEY DECIMAL CLASSIFICATION NUMBER
Edition number 812.54
100 ## - MAIN ENTRY--PERSONAL NAME
Personal name Montgomery, L.M.
Dates associated with a name (1874–1942)
245 ## - TITLE STATEMENT
Title Anne of green gables /
Statement of responsibility, etc. L.M. Montgomery
250 ## - EDITION STATEMENT
Edition statement Bantam Skylar eidition in 1981
260 ## - PUBLICATION, DISTRIBUTION, ETC.
Place of publication, distribution, etc. New York :
Name of publisher, distributor, etc. Bantam Skylar,
Date of publication, distribution, etc. 1908.
300 ## - PHYSICAL DESCRIPTION
Extent 309 pages :
Dimensions 20cm
505 ## - FORMATTED CONTENTS NOTE
Formatted contents note N<br/>
520 ## - SUMMARY, ETC.
Summary, etc. Anne, an eleven-year-old orphan, is sent by mistake to live with a lonely, middle-aged brother and sister on a Prince Edward Island farm and proceeds to make an indelible impression on everyone around her.
521 8# - TARGET AUDIENCE NOTE
Target audience note 590L<br/>
Source Lexile<br/>
521 8# - TARGET AUDIENCE NOTE
Target audience note N<br/>
Source Raz-Plus<br/>
650 ## - SUBJECT ADDED ENTRY--TOPICAL TERM
Source of heading or term Prince Edward Island
Topical term or geographic name entry element Young adult
Form subdivision Orphans
650 ## - SUBJECT ADDED ENTRY--TOPICAL TERM
Source of heading or term Children's literature
942 ## - ADDED ENTRY ELEMENTS (KOHA)
Source of classification or shelving scheme Dewey Decimal Classification
Koha item type Books
Suppress in OPAC No
Holdings
Withdrawn status Lost status Source of classification or shelving scheme Damaged status Not for loan Home library Current library Shelving location Date acquired Total Checkouts Full call number Barcode Date last seen Date last checked out Copy number Price effective from Koha item type
    Library of Congress Classification     Footprints International School Library Network Toul Kork Campus Footprints International School Library Network Toul Tom Poung Campus TTP Primary Yellow Bookshelves 09/16/2024 2 MON 812.54 PZ7.M768 2024-1968 10/09/2025 08/08/2025 1 09/16/2024 Books